Marketingový audit ako metóda marketingového manažmentu

Podstata marketingového auditu a jeho význam pre marketingové riadenie a podnikovú prax. Procesná stránka marketingového auditu. Predauditové aktivity. Postavenie marketingového auditu vo vzťahu k ostatným kontrolným a diagnostickým metódam a systémom. Due dilligence. Marketingový kontroling.

Enregistré dans:
Détails bibliographiques
Auteur principal: Hanuláková, Eva, 1964-
Format: Chapitre de livre
Langue:slovaque
Sujets:
Tags: Ajouter un tag
Pas de tags, Soyez le premier à ajouter un tag!

MARC

LEADER 00000naa a2200000 4500
001 0145754
005 20240502072630.2
041 0 |a slo 
044 |a SK 
245 1 0 |a Marketingový audit ako metóda marketingového manažmentu  |c Eva Hanuláková 
520 |a Podstata marketingového auditu a jeho význam pre marketingové riadenie a podnikovú prax. Procesná stránka marketingového auditu. Predauditové aktivity. Postavenie marketingového auditu vo vzťahu k ostatným kontrolným a diagnostickým metódam a systémom. Due dilligence. Marketingový kontroling. 
610 2 0 |a marketing manažment 
610 2 0 |a audit 
610 2 0 |a diagnostika podniková 
610 2 0 |a kontroling finančný 
100 1 |a Hanuláková, Eva, 1964-